| 000 | 00449nam a2200157Ia 4500 | ||
|---|---|---|---|
| 008 | 210210b1999 xxu||||| |||| 00| 0 eng d | ||
| 020 | _a81 250 1453 5 | ||
| 082 | _a809.88914 MUKD | ||
| 100 | _aMUKHERJEE (Sujit) | ||
| 245 | _aDictionary of Indian literature: one; Beginning-1850 | ||
| 260 |
_aHyderabad _bOrient Longman _c1999 |
||
| 300 | _avIII,434 | ||
| 650 | _aIndian Literature Dictionary | ||
| 690 | _aIndian Literature | ||
| 906 | _aSG03690 | ||
| 999 |
_c114462 _d114462 |
||